Periodos de la prehistoria - Estadísticas

Estadísticas generales
  • Esta prueba ha sido intentada 52 veces
  • La puntuación promedio es 5 de 9
Estadísticas de respuestas
CRONOLOGIA NOMBRE DEL PERIODO % Correcto
11,7 ka - Presente Holoceno
100%
65M Paleoceno
69%
23,8M Mioceno
54%
33,5M Oligoceno
54%
5,2M Plioceno
54%
55,3M Eoceno
46%
2,5M Pleistoceno Inferior
38%
780 ka Pleistoceno Medio
38%
127 ka - 11,7 ka Pleistoceno Superior
38%
No se encontraron pruebas coincidentes
Distribución de puntuación
Porcentaje de gente con cada puntuación
Porcentaje por número respondido
Historial de tus puntuaciones
No has intentado esta prueba.